| 000 | 00695nam a22001937a 4500 | ||
|---|---|---|---|
| 003 | BD-DhUL | ||
| 005 | 20190122101721.0 | ||
| 008 | 190122s1993 nyua|||| |||| 001 0 eng d | ||
| 040 |
_aBD-DhUL _cBD-DhUL |
||
| 082 |
_a341.23 _bUNR |
||
| 110 | 1 | _aUnited Nations. | |
| 245 | 1 | 0 |
_aReport on the work of the organization from the forty-seventh to the forty-eights session of the general assembly/ _cUnited Nations. |
| 260 |
_aNew York : _bUnited Nations, _c1993. |
||
| 300 |
_avi, 197 p. : _bill. ; _c23 cm. |
||
| 500 | _a"Boutros Boutros-Ghali, Secretary-General of the United Nations" "September 1993" | ||
| 504 | _aIncludes index. | ||
| 650 | 0 | _aUnited Nations. | |
| 942 |
_2ddc _cBK |
||
| 999 |
_c245880 _d245880 |
||